000
00297nam a2200121Ia 4500
005
20251222154313.0
008
251222s9999||||xx |||||||||||||| ||spa||
020
_a
978-9972-38-622-0
082
_a
868.65/G23/2009
100
_a
"GarcĂa Lorca, Federico"
245
0
_a
Bodas de sangre
942
_c
LIB
999
_c
33484
_d
33484